Bienvenue à la Médiathèque de Saint-Andiol
banniere
Accueil Recherche avancée Mon compte
handi1 Rechercher dans le catalogue

Filtre   Mots-clés
  Recherche avancée
 
Lister les dernières nouveautés
 
Lister les livres GROS CARACTERES
 
Lister les périodiques (magazines)

handi1 Ames obscures (Les)

<< Retourner aux résultats de la recherche
Book Cover
Auteur principal : Jacques Mazeau
Titre : Ames obscures (Les)
Support : Livres
Langue : Francais
Publié : 2015 Presses de la Cité Paris
Genre : Roman
Collection : Romans Terres de France
Sujets :
Étiquettes :
Pas de tags
LEADER 01020nam0a2200205 450
001 16868236
010 |a 978-2-258-10298-9  |b br.  |d 20 € 
100 |a 20151006d2015 u u0frey01 ba 
101 0 |a fre 
102 |a FR 
200 0 |a Ames obscures (Les)  |f Jacques Mazeau 
207 1 |a   
210 |a Paris  |b 8 rue Garancière.  |c Presses de la Cité  |d 2015 
215 |a 333 p.  |d 23 x 14 cm 
225 1 |a Romans Terres de France 
330 |a A Millau, Céline, jeune avocate parisienne, est obligée de renouer avec ses racines pour retrouver son père disparu. Elle fait dans la bergerie de celui-ci des découvertes étonnantes, y retrouve sa famille et rencontre David, un flic venu de la capitale pour résoudre d'autres disparitions. Dans cette affaire, l'absurde côtoie l'horreur, et pour Céline, la figure paternelle est largement ébranlée. 
700 0 |a Mazeau  |b Jacques  |4 70 
900 |a Roman 
901 |a Adultes 
995 |a Médiathèque  |c Médiathèque  |f 00156011009446  |h 00156011009446  |k R MAZ  |o p  |q a  |r az  |e MédiathèqueÂ